00440nam a2200133 a 450000500170000000800410001702000180005805000260007610000160010224500980011826000640021630000100028065000160029020140412111308.0010328s19uu xx 00 eng d a0-590-96392-9 aTR(GS 398.2bG67 1997 aGordh, Bill a15 easy folktale finger plays, grades K-1 :bwith cross-cultural activities /cby Bill Gordh. aJefferson City, MO :bScholastic Professional Books,c1997. a80 p. aFingerplays